| 000 | 00448nam a22001337a 4500 | ||
|---|---|---|---|
| 003 | SGT | ||
| 082 |
_a617.645 _bC12S |
||
| 100 | _aSIROHI, KAVITA | ||
| 245 | _aCOMPARISON OF CLINICAL AND RADIOGRAPHIC SUCCESS RATES OF PULPOTOMY IN PRIMARY MOLARS USING FERRIC SULFATE AND BIOACTIVE TRICALCIUM SILICATE CEMENT : AN IN VIVO STUDY | ||
| 260 |
_aDELHI NCR _bSGT UNIVERSITY GURUGRAM _c2015 |
||
| 300 | _a1-45 | ||
| 650 | _aPAEDODONTICS | ||
| 942 |
_2ddc _cTH |
||
| 999 |
_c15986 _d15986 |
||